Reglas de Ulpiano / (Record no. 147493)

MARC details
000 -LEADER
campo de control de longitud fija 01031nam a2200241 i 4500
001 - NÚMERO DE CONTROL
campo de control 147493
003 - IDENTIFICADOR DE NÚMERO DE CONTROL
campo de control ES-MaACL
005 - FECHA Y HORA DE LA ÚLTIMA TRANSACCIÓN
campo de control 20250811090118.0
007 - CAMPO FIJO DE DESCRIPCIÓN FÍSICA--INFORMACIÓN GENERAL
campo de control de longitud fija t|
008 - DATOS DE LONGITUD FIJA--INFORMACIÓN GENERAL
campo de control de longitud fija 071001s1946 sp ||||1| spa d
080 ## - NÚMERO DE LA CLASIFICACIÓN DECIMAL UNIVERSAL
Número de la Clasificación Decimal Universal 34(37)(0092)
100 1# - ENTRADA PRINCIPAL--NOMBRE DE PERSONA
Nombre de persona Ulpiano, Domicio.
9 (RLIN) 111953
245 10 - MENCIÓN DEL TÍTULO
Título Reglas de Ulpiano /
Mención de responsabilidad, etc. Domicio Ulpiano ; texto latino con una traducción de Francisco Hernández Tejero.
260 ## - PUBLICACIÓN, DISTRIBUCIÓN, ETC.
Lugar de publicación, distribución, etc. Madrid :
Nombre del editor, distribuidor, etc. Ministerio de Justicia y Consejo Superior de Investigaciones Científicas,
Fecha de publicación, distribución, etc. 1946.
300 ## - DESCRIPCIÓN FÍSICA
Extensión XXI, 66 p. ;
Dimensiones 18 cm.
490 1# - MENCIÓN DE SERIE
Mención de serie Publicaciones del Instituto Nacional de Estudios Jurídicos. Serie 5ª. Textos Jurídicos Antiguos
700 1# - ENTRADA AGREGADA--NOMBRE PERSONAL
Nombre de persona Hernández Tejero, Francisco.
9 (RLIN) 63061
710 1# - ENTRADA AGREGADA--NOMBRE DE ENTIDAD CORPORATIVA
Nombre de entidad corporativa o nombre de jurisdicción como elemento de entrada España.
Unidad subordinada Ministerio de Justicia
9 (RLIN) 3895
710 2# - ENTRADA AGREGADA--NOMBRE DE ENTIDAD CORPORATIVA
Nombre de entidad corporativa o nombre de jurisdicción como elemento de entrada Instituto Nacional de Estudios Jurídicos (España)
9 (RLIN) 5163
830 0# - PUNTO DE ACCESO ADICIONAL DE SERIE-TÍTULO UNIFORME
Título uniforme Publicaciones del Instituto Nacional de Estudios Jurídicos. Serie 5ª. Textos Jurídicos Antiguos
9 (RLIN) 220933
852 ## - LOCALIZACIÓN
Ubicación ES-MaACL
Número de control de estantería C-4564
Sublocalización o colección R.25047
Holdings
Estatus retirado Estado de pérdida Estado de daño No para préstamo Biblioteca de origen Biblioteca actual Ubicación en estantería Fecha de adquisición Fuente de adquisición Total de préstamos Signatura topográfica completa Código de barras Visto por última vez Precio de reemplazo Tipo de ítem Koha
        Biblioteca del Ateneo de Madrid Biblioteca del Ateneo de Madrid Sala Palomar 17/01/2008     C-4564 1153921 23/02/2023 23/02/2023 Libro impreso